000 00394nam a2200133Ia 4500
008 151001s9999||||xx |||||||||||||| ||und||
100 _aशिवाजी मेहता
245 _aजुते मारानेवला पती
250 _a1
260 _bराजेंद्र प्रकाशन ठाणे
260 _c2007
300 _a16
365 _b21
999 _c992526
_d992523